[Event "EU-ch U12 26th"]
[Site "Prague"]
[Date "2016.08.25"]
[Round "7"]
[White "Lukyanenko, Artemiy"]
[Black "Sarighioleanu, Sebastian Laurentiu"]
[Result "1/2-1/2"]
[WhiteElo "1752"]
[BlackElo "1572"]
[PlyCount "44"]
[EventDate "2016.08.18"]
[EventType "swiss"]
[EventRounds "9"]
[EventCountry "CZE"]
[SourceTitle "CBM 174 Extra"]
[Source "ChessBase"]
[SourceDate "2016.10.10"]
[SourceVersion "1"]
[SourceVersionDate "2016.10.10"]
[SourceQuality "1"]

1. Nf3 Nf6 2. d4 e6 3. e3 d5 4. Bd3 Bd6 5. 0-0 0-0 6. Nbd2 Nbd7 7. b3 b6 8. Bb2 Bb7 9. Ne5 Ne4 10. Nxe4 dxe4 11. Bc4 Bd5 12. Qe2 Bxe5 13. dxe5 Qg5 14. Bxd5 exd5 15. f4 exf3 16. Qxf3 Nxe5 17. Qxd5 Qxe3+ 18. Kh1 Ng4 19. Bd4 Qe6 20. Qg5 f6 21. Qf5 Ne5 22. Rae1 Rae8 1/2-1/2

[Event "EU-ch U12 26th"]
[Site "Prague"]
[Date "2016.08.24"]
[Round "6"]
[White "Bacrot, Alexandre"]
[Black "Lukyanenko, Artemiy"]
[Result "1-0"]
[WhiteElo "1961"]
[BlackElo "1752"]
[PlyCount "69"]
[EventDate "2016.08.18"]
[EventType "swiss"]
[EventRounds "9"]
[EventCountry "CZE"]
[SourceTitle "CBM 174 Extra"]
[Source "ChessBase"]
[SourceDate "2016.10.10"]
[SourceVersion "1"]
[SourceVersionDate "2016.10.10"]
[SourceQuality "1"]

1. e4 d6 2. d4 Nf6 3. Nc3 g6 4. f4 Bg7 5. a3 0-0 6. Nf3 c6 7. Be3 Nbd7 8. Bd3 Qc7 9. h3 e5 10. Qd2 a6 11. 0-0 Re8 12. dxe5 dxe5 13. fxe5 Nxe5 14. Nxe5 Qxe5 15. Qf2 Qe6 16. Bd4 Nd7 17. Bxg7 Kxg7 18. Ne2 Rf8 19. Rad1 Qe5 20. b4 Nf6 21. Qd4 Re8 22. Rde1 Bd7 23. Bc4 Rad8 24. Qxe5 Rxe5 25. Nc3 Be6 26. Bd3 Re8 27. Rf3 Nd7 28. Ne2 Nb6 29. Ref1 Nc4 30. Nd4 Nd6 31. Rf6 Re7 32. R6f4 Bc4 33. Rf6 Be6 34. R6f4 Bc4 35. Nf3 1-0

[Event "EU-ch U12 26th"]
[Site "Prague"]
[Date "2016.08.22"]
[Round "5"]
[White "Lukyanenko, Artemiy"]
[Black "Harutyunyan, Safar"]
[Result "1/2-1/2"]
[WhiteElo "1752"]
[BlackElo "1867"]
[PlyCount "72"]
[EventDate "2016.08.18"]
[EventType "swiss"]
[EventRounds "9"]
[EventCountry "CZE"]
[SourceTitle "CBM 174 Extra"]
[Source "ChessBase"]
[SourceDate "2016.10.10"]
[SourceVersion "1"]
[SourceVersionDate "2016.10.10"]
[SourceQuality "1"]

1. d4 Nf6 2. Nf3 e6 3. Bf4 c5 4. e3 Nc6 5. Be2 cxd4 6. exd4 Qb6 7. Bc1 d5 8. 0-0 Bd6 9. Nc3 a6 10. a3 0-0 11. Na4 Qc7 12. b3 b5 13. Nb2 Ne4 14. Be3 Nc3 15. Qd2 Nxe2+ 16. Qxe2 e5 17. dxe5 Nxe5 18. Nd4 Ng4 19. h3 Nxe3 20. fxe3 Bd7 21. Qf3 Be6 22. Nd3 Rae8 23. a4 b4 24. Nf4 Qd7 25. Kh1 Be5 26. Nd3 Bd6 27. Nf4 Qb7 28. Rad1 Bc5 29. Qh5 g6 30. Qh6 Qe7 31. Rf3 Bxd4 32. Rxd4 Qc7 33. Nh5 gxh5 34. Qg5+ Kh8 35. Qf6+ Kg8 36. Rdf4 Qxc2 1/2-1/2

[Event "EU-ch U12 26th"]
[Site "Prague"]
[Date "2016.08.19"]
[Round "2"]
[White "Dudek, Vojtech"]
[Black "Lukyanenko, Artemiy"]
[Result "0-1"]
[WhiteElo "1529"]
[BlackElo "1752"]
[PlyCount "48"]
[EventDate "2016.08.18"]
[EventType "swiss"]
[EventRounds "9"]
[EventCountry "CZE"]
[SourceTitle "CBM 174 Extra"]
[Source "ChessBase"]
[SourceDate "2016.10.10"]
[SourceVersion "1"]
[SourceVersionDate "2016.10.10"]
[SourceQuality "1"]

1. e4 d6 2. f4 Nf6 3. Nc3 g6 4. Nf3 Bg7 5. Bc4 0-0 6. 0-0 c6 7. d4 Nxe4 8. Bxf7+ Rxf7 9. Nxe4 h6 10. c3 Nd7 11. Bd2 Qb6 12. Nh4 Nf8 13. Qc2 Bf5 14. Nxf5 gxf5 15. Be3 e6 16. Rf3 Qd8 17. Raf1 Bf6 18. Qd3 Rh7 19. b4 h5 20. Rb1 a6 21. a4 b5 22. a5 c5 23. dxc5 dxc5 24. Rd1 Rd7 0-1